Facultad de Derecho – Universidad Nacional de Mar del Plata

Responsabilidad Notarial por Asesoramiento / (Record no. 3180)

MARC details
000 -CABECERA
campo de control de longitud fija 00647nam a22002535a 4500
001 - NUMERO DE CONTROL
campo de control 002827
003 - IDENTIFICADOR DE NUMERO DE CONTROL
campo de control armpunfd
005 - FECHA ULTIMA MODIFICACION
campo de control 20150622151714.0
008 - ELEMENTOS DE LONGITUD FIJA -- INFORMACION GENERAL
campo de control de longitud fija 140704s1972####ag############000#0#und#d
080 ## - NUMERO DE CLASIFICACION DECIMAL UNIVERSAL (CDU)
Número de la Clasificación Decimal Universal 347.961 Sa 58
100 1# - ASIENTO PRINCIPAL--NOMBRE PERSONAL
Nombre personal San Martin Jose V.
245 10 - MENCION DE TITULO
Título propiamente dicho Responsabilidad Notarial por Asesoramiento /
260 ## - PUBLICACION, DISTRIBUCION, ETC. (PIE DE IMPRENTA)
Lugar de publicación, distribución, etc. Buenos Aires,
Fecha de publicación, distribución, etc. 1972.
300 ## - DESCRIPCION FISICA
Extensión 133 P.
650 #7 - ASIENTO SECUNDARIO DE MATERIA - TERMINO TEMATICO
Término temático o nombre geográfico como elemento de entrada Asesoramiento
Fuente del encabezamiento o término LEMB
650 #7 - ASIENTO SECUNDARIO DE MATERIA - TERMINO TEMATICO
Término temático o nombre geográfico como elemento de entrada Ejercicio Profesional
Fuente del encabezamiento o término LEMB
650 #7 - ASIENTO SECUNDARIO DE MATERIA - TERMINO TEMATICO
Término temático o nombre geográfico como elemento de entrada Escribano
Fuente del encabezamiento o término LEMB
650 #7 - ASIENTO SECUNDARIO DE MATERIA - TERMINO TEMATICO
Término temático o nombre geográfico como elemento de entrada Notariado
Fuente del encabezamiento o término LEMB
650 #7 - ASIENTO SECUNDARIO DE MATERIA - TERMINO TEMATICO
Término temático o nombre geográfico como elemento de entrada Notario
Fuente del encabezamiento o término LEMB
650 #7 - ASIENTO SECUNDARIO DE MATERIA - TERMINO TEMATICO
Término temático o nombre geográfico como elemento de entrada Responsabilidad
Fuente del encabezamiento o término LEMB
651 ## - ASIENTO SECUNDARIO DE MATERIA - NOMBRE GEOGRAFICO
Fuente del encabezamiento o término LEMB
945 ## - INFORMACION DE PROCESAMIENTO LOCAL
Fecha de ingreso o modificación 2014-07-04
Holdings
Retirado Perdido Dañado No se presta Ubicación permanente Locación actual Estante o sala Fecha de adquisición Signatura topográfica Inventario Ultima fecha vista Tipo de item de Koha
        Bib. Derecho Bib. Derecho Biblioteca Graduados 09/12/2014 347.961 Sa 58 301324 09/12/2014 LIBRO (Consulta)

XHTML | CSS | ©Biblioteca Central - Dto. Tecnología de la Información - [ Con tecnología Koha ]